Fr. Conceicao Rodrigues College of Engineering

Internet and World Wide Web:How to program (Record no. 30314)

MARC details
000 -LEADER
fixed length control field 00386nam a2200169Ia 4500
082 ## - DEWEY DECIMAL CLASSIFICATION NUMBER
Classification number 004.69/DIE
Item number DIE
100 ## - MAIN ENTRY--PERSONAL NAME
Personal name Dietel/H.M/ Dietel/P.J
250 ## - EDITION STATEMENT
Edition statement 3
245 ## - TITLE STATEMENT
Title Internet and World Wide Web:How to program
260 ## - PUBLICATION, DISTRIBUTION, ETC.
Name of publisher, distributor, etc. Pearson Education
Place of publication, distribution, etc. Mumbai
Date of publication, distribution, etc. 2004
366 ## - TRADE AVAILABILITY INFORMATION
Publishers's discount category 20
300 ## - PHYSICAL DESCRIPTION
Extent 1589
546 ## - LANGUAGE NOTE
Language note ENGLISH
650 ## - SUBJECT ADDED ENTRY--TOPICAL TERM
Topical term or geographic name entry element Computers
654 ## - SUBJECT ADDED ENTRY--FACETED TOPICAL TERMS
Focus term internet
942 ## - ADDED ENTRY ELEMENTS (KOHA)
Koha item type BOOK
Holdings
Withdrawn status Lost status Damaged status Not for loan Collection Home library Current library Shelving location Date acquired Source of acquisition Cost, normal purchase price Total Checkouts Full call number Barcode Date last seen Cost, replacement price Price effective from Koha item type
        CRC Fr. Agnel's C.Rodrigues College of Engineering Fr. Agnel's C.Rodrigues College of Engineering   17/03/2023 Professional Book House. 530.00   004.69/DIE DIE 17222 17/03/2023 550.00   BOOK
        CRC Fr. Agnel's C.Rodrigues College of Engineering Fr. Agnel's C.Rodrigues College of Engineering   17/03/2023 Professional Book House. 530.00   004.69/DIE DIE 17223 17/03/2023 550.00   BOOK
        CRC Fr. Agnel's C.Rodrigues College of Engineering Fr. Agnel's C.Rodrigues College of Engineering   17/03/2023 Professional Book House. 530.00   004.69/DIE DIE 17224 17/03/2023 550.00   BOOK
        CRC Fr. Agnel's C.Rodrigues College of Engineering Fr. Agnel's C.Rodrigues College of Engineering   17/03/2023 Professional Book House. 530.00   004.69/DIE DIE 17225 17/03/2023 550.00   BOOK
        CRC Fr. Agnel's C.Rodrigues College of Engineering Fr. Agnel's C.Rodrigues College of Engineering   17/03/2023 Professional Book House. 530.00   004.69/DIE DIE 17226 17/03/2023 550.00   BOOK